Синтез соли диазония при отсутствии P-TSOH; Научная инициатива иностранных студентов и аспирантов российских вузов; Т. 1

Detalhes bibliográficos
Parent link:Научная инициатива иностранных студентов и аспирантов российских вузов: сборник докладов VII Всероссийской научно-практической конференции, Томск, 23-25 апреля 2014 г./ Ассоциация иностранных студентов в России (АИС); Национальный исследовательский Томский политехнический университет (ТПУ), Институт международного образования и языковой коммуникации (ИМОЯК).— , 2014
Т. 1.— 2014.— [С. 350-353]
Autor principal: Нгуен Тхи Тху Хонг
Autor Corporativo: Национальный исследовательский Томский политехнический университет (ТПУ) Институт физики высоких технологий (ИФВТ) Кафедра биотехнологии и органической химии (БИОХ)
Outros Autores: Трусова М. Е. Марина Евгеньевна (научный руководитель)
Resumo:Заглавие с титульного экрана
Idioma:russo
Publicado em: 2014
Assuntos:
Acesso em linha:http://www.lib.tpu.ru/fulltext/c/2014/C19/V1/071.pdf
Formato: MixedMaterials Recurso Eletrônico Capítulo de Livro
KOHA link:https://koha.lib.tpu.ru/cgi-bin/koha/opac-detail.pl?biblionumber=611235

MARC

LEADER 00000naa2a2200000 4500
001 611235
005 20231101132640.0
035 |a (RuTPU)RU\TPU\conf\8971 
035 |a RU\TPU\conf\8970 
090 |a 611235 
100 |a 20150228d2014 k y0rusy50 ca 
101 0 |a rus 
102 |a RU 
105 |a y z 101zy 
135 |a drcn ---uucaa 
181 0 |a i  
182 0 |a b 
200 1 |a Синтез соли диазония при отсутствии P-TSOH  |f Нгуен Тхи Тху Хонг  |g науч. рук. М. Е. Трусова 
203 |a Текст  |c электронный 
230 |a 1 компьютерный файл (pdf; 283 Кb) 
300 |a Заглавие с титульного экрана 
320 |a [Библиогр.: с. 352-353 (7 назв.)] 
337 |a Adobe Reader 
461 1 |0 (RuTPU)RU\TPU\conf\8104  |t Научная инициатива иностранных студентов и аспирантов российских вузов  |o сборник докладов VII Всероссийской научно-практической конференции, Томск, 23-25 апреля 2014 г.  |f Ассоциация иностранных студентов в России (АИС); Национальный исследовательский Томский политехнический университет (ТПУ), Институт международного образования и языковой коммуникации (ИМОЯК)  |o в 3 т.  |d 2014 
463 1 |0 (RuTPU)RU\TPU\conf\8105  |t Т. 1  |v [С. 350-353]  |d 2014 
610 1 |a труды учёных ТПУ 
610 1 |a электронный ресурс 
610 1 |a соли диазония 
610 1 |a синтез 
610 1 |a бензоксазолы 
610 1 |a флуоресцентные технологии 
610 1 |a арендиазоний тозилаты 
700 0 |a Нгуен Тхи Тху Хонг 
702 1 |a Трусова  |b М. Е.  |c химик-органик  |c доцент Томского политехнического университета, кандидат химических наук  |f 1982-  |g Марина Евгеньевна  |2 stltpush  |4 727 
712 0 2 |a Национальный исследовательский Томский политехнический университет (ТПУ)  |b Институт физики высоких технологий (ИФВТ)  |b Кафедра биотехнологии и органической химии (БИОХ)  |h 6810  |2 stltpush  |3 (RuTPU)RU\TPU\col\18693 
801 2 |a RU  |b 63413507  |c 20150228  |g RCR 
856 4 |u http://www.lib.tpu.ru/fulltext/c/2014/C19/V1/071.pdf 
942 |c BK